| 000 | 00565nam a2200169 i 4500 | ||
|---|---|---|---|
| 001 | 83895 | ||
| 003 | ES-MaACL | ||
| 005 | 20230906174918.0 | ||
| 007 | t| | ||
| 008 | 041118s1972 sp ||||1| spa d | ||
| 100 | 1 |
_aIraburu, José María. _965398 |
|
| 245 | 1 | 0 |
_aFundamentos teológicos de la figura del sacerdote / _cJosé Mª Iraburu ; prólogo de Alvaro Huerga. |
| 260 |
_a[Burgos : _bFacultad Teológica del Norte de España, _c1972] |
||
| 300 |
_a260 p. ; _c25 cm. |
||
| 700 | 1 |
_aHuerga, Álvaro ( _d1923-2018) _9140640 |
|
| 852 |
_aES-MaACL _jC-43449 _bR.82668 |
||
| 999 |
_c83895 _d83895 |
||